[Event "IOM Open-Masters 2017"]
[Site "Douglas"]
[Date "2017.09.25"]
[Round "3"]
[White "Sutovsky, Emil"]
[Black "Nihal Sarin"]
[Result "1/2-1/2"]
[WhiteElo "2683"]
[BlackElo "2483"]
[Annotator "TA"]
[PlyCount "76"]
[EventDate "2017.??.??"]
[EventType "swiss"]
[EventCountry "GBR"]
[SourceTitle "playchess.com"]
[Source "ChessBase"]
[SourceQuality "1"]

{[%evp 21,76,-20,16,10,18,16,14,1,8,3,14,17,24,15,24,15,12,6,6,0,0,0,0,0,0,2,55,24,70,33,40,-33,0,-14,-18,-10,150,150,136,25,31,25,16,0,0,0,0,0,0,0,22,0,0,0,0,0,0]} 1. e4 e5 2. Nf3 Nc6 3. Bb5 Nf6 4. O-O Nxe4 5. d4 Nd6 6. dxe5 Nxb5 7. a4 Nbd4 8. Nxd4 Nxd4 9. Qxd4 d5 {C67: Ruy Lopez: Berlin Defence: 4 0-0 Nxe4} 10. Nc3 {[%cal Bb1c3,Bc3e2,Be2g3][%mdl 32]} c6 (10... Be6 11. Qd3 Qd7 12. Qg3 c6 13. Ne2 h6 14. Be3 g6 15. Rfd1 c5 16. c3 Be7 17. Nf4 {½-½ (39) Dubov,D (2660)-Rodshtein,M (2698) Minsk 2017}) 11. a5 Be7 {LiveBook: 3 Games} 12. b4 $146 ({Predecessor:} 12. f4 Bf5 13. g4 Bxc2 14. f5 Qd7 15. Rf2 Bb3 16. f6 gxf6 17. exf6 {½-½ (58) Areshchenko,A (2575)-Zhukova,N (2475) Kharkov 2004}) 12... O-O 13. Ne2 f6 {[#] White must now prevent ...fxe5.} 14. Bf4 Bf5 15. c3 Qd7 16. Rfe1 fxe5 17. Bxe5 Rf7 18. Ng3 Bg6 19. Ra2 {[%cal Ba1a2,Ba2e2,Be2e5][%mdl 32]} a6 20. Rae2 Rc8 21. Qd2 c5 22. bxc5 $1 Bxc5 23. Bd4 Qc7 ({Black should try} 23... Be7 $11) 24. h4 h6 25. Re5 Rcf8 26. h5 (26. R1e2 $14) 26... Bh7 (26... Rxf2 $5 27. Qe3 Bxd4 28. Qxd4 Be4 29. Nxe4 dxe4 $17) 27. Qa2 Bxd4 28. cxd4 Qc3 $2 ({Better is} 28... Rxf2 $11 29. Qxd5+ Kh8) 29. Qxd5 $16 Kh8 30. Qc5 (30. f3 $16) 30... Qxc5 $11 31. Rxc5 Rxf2 32. Rc7 {The position is equal.} Ra2 33. Ree7 Bg8 34. Rxg7 Rf4 $1 35. Kh2 $1 Rh4+ 36. Kg1 Rf4 {[#] Threatens to win with ...Ra1+.} 37. Kh2 $1 Rh4+ 38. Kg1 {Strongly threatening Rg6.} Rf4 {Precision: White = 50%, Black = 52%.} 1/2-1/2

[Event "IOM Open-Masters 2017"]
[Site "Douglas"]
[Date "2017.09.25"]
[Round "3"]
[White "Kasimdzhanov, Rustam"]
[Black "Sunilduth Lyna, Narayanan"]
[Result "1-0"]
[WhiteElo "2676"]
[BlackElo "2568"]
[Annotator "TA"]
[PlyCount "115"]
[EventDate "2017.??.??"]
[EventType "swiss"]
[EventCountry "GBR"]
[SourceTitle "playchess.com"]
[Source "ChessBase"]
[SourceQuality "1"]

{[%evp 14,115,33,43,36,29,42,28,52,14,29,24,19,12,12,12,12,12,27,8,46,44,57,58,56,52,76,69,89,27,31,43,56,45,53,42,60,59,111,103,105,106,112,101,113,110,103,86,95,0,122,125,121,125,133,83,118,101,125,116,125,128,132,131,123,134,145,123,154,154,159,152,167,159,165,152,164,164,355,343,395,380,902,895,936,916,892,819,1130,1100,975,943,789,787,2634,2518,2431,1902,2869,2630,2324,2151,2566,2298]} 1. e4 e5 2. Nf3 Nc6 3. Bb5 a6 4. Ba4 d6 5. c3 Bd7 6. d4 g6 7. O-O Bg7 8. Re1 h6 {C76: Ruy Lopez: Deferred Steinitz: 5 c3 Bd7 6 d4 g6} 9. a3 Nf6 10. Nbd2 O-O {White has an edge.} 11. h3 (11. Bxc6 $5 Bxc6 12. dxe5 $14) 11... b5 12. Bc2 Re8 13. Nf1 {[#]} Na5 $146 ({Predecessor:} 13... Nh5 14. Be3 Kh7 15. Qd2 Qf6 16. N1h2 Rad8 {1-0 (68) Dominguez Perez,L (2739)-Van Foreest,J (2612) chess.com INT 2017}) 14. Ng3 c5 15. d5 c4 16. Be3 Qc7 17. Qd2 Kh7 18. Rf1 Rab8 19. Rae1 Nb3 20. Bxb3 cxb3 21. Qc1 (21. Qd1 $16) 21... a5 22. Nd2 Bc8 23. f4 Nd7 24. f5 Ba6 25. Rf3 Nf6 ({Black should try} 25... Nc5 $14) 26. fxg6+ fxg6 27. Nxb3 Rf8 28. Nd2 Nd7 29. Rxf8 Rxf8 30. Nf3 Qc4 31. Nd2 (31. Qd1 $16) 31... Qc8 (31... Qc7 $1 $11 {remains equal.}) 32. b4 $16 Qc7 33. Nb3 a4 34. Nd2 Nb6 35. Qc2 Nc4 36. Nxc4 Qxc4 37. Nf1 Rc8 38. Bd2 Qd4+ 39. Ne3 Qa7 40. Kh1 h5 41. Qd3 Rf8 42. Nf1 Qc7 43. Bg5 Rc8 44. Re3 Qc4 45. Qxc4 bxc4 $2 {[#]} (45... Rxc4 46. Nd2 Rc8) 46. Be7 $18 Bf8 47. Rf3 Kg7 $2 (47... Bg7 48. Bxd6 Kg8) 48. Bxf8+ {White is clearly winning.} Rxf8 49. Rxf8 Kxf8 {[%mdl 4096] Endgame KB-KN} 50. Kh2 Ke7 51. Kg3 Kf6 52. Kh4 Bb5 53. Ne3 Ba6 54. g4 hxg4 55. Nxg4+ Kg7 56. Kg5 Bb5 57. h4 Kf7 58. Nh6+ {Precision: White = 77%, Black = 35%.} 1-0

[Event "IOM Open-Masters 2017"]
[Site "Douglas"]
[Date "2017.09.25"]
[Round "3"]
[White "Movsesian, Sergei"]
[Black "Wallace, John Paul"]
[Result "1-0"]
[WhiteElo "2671"]
[BlackElo "2413"]
[Annotator "TA"]
[PlyCount "99"]
[EventDate "2017.??.??"]
[EventType "swiss"]
[EventCountry "GBR"]
[SourceTitle "playchess.com"]
[Source "ChessBase"]
[SourceQuality "1"]

{[%evp 14,99,35,24,22,27,46,11,18,18,25,16,18,10,14,9,26,22,29,0,0,0,21,19,32,0,0,8,0,9,20,15,30,0,26,41,78,77,87,95,140,11,10,23,56,35,58,40,49,56,32,31,75,78,82,72,81,78,83,83,124,134,129,112,191,121,241,227,215,90,339,330,392,392,558,552,543,530,521,523,523,505,699,699,693,693,654,642]} 1. e4 e5 2. Nf3 Nc6 3. Bb5 Nf6 4. d3 d6 5. O-O Bd7 6. c3 g6 7. a4 {C65: Ruy Lopez: Berlin Defence (3...Nf6), unusual lines and 4 0-0 Bc5} Bg7 8. a5 {LiveBook: 4 Games} O-O 9. Re1 {The position is equal.} Ne7 10. Bc4 $146 ({Predecessor:} 10. Bxd7 Nxd7 11. d4 c6 12. dxe5 Nxe5 13. Nxe5 Bxe5 14. Nd2 Bg7 {1-0 (56) Speelman,J (2623)-Narciso Dublan,M (2507) Mondariz 2000}) 10... b5 11. axb6 axb6 12. Rxa8 Qxa8 13. Na3 h6 14. h3 {[%cal Bh2h3,Bh3h4][%mdl 32]} Kh8 15. Bd2 g5 16. h4 g4 17. Nh2 {[%cal Bf3h2,Bh2f1,Bf1e3][%mdl 32]} Ng6 18. g3 h5 19. Qb3 Ba4 20. Qa2 Qe8 21. Nf1 Ng8 {[%cal Bf6g8,Bg8e7,Be7f5][%mdl 32]} 22. Ne3 N8e7 23. Nac2 Bh6 {Strongly threatening ...Bxc2.} 24. Nb4 f5 {[#]} 25. b3 $1 {Threatens to win with Nxf5.} Bxe3 26. Bxe3 Bd7 {Hoping for ...f4.} 27. exf5 (27. Bh6 $16) 27... Nxf5 $11 28. Bg5 b5 29. Bd5 c5 30. Nc2 $36 {[%mdl 2048] Black is under pressure.} Be6 31. b4 Bxd5 32. Qxd5 Qf7 33. Qxf7 Rxf7 34. Rb1 Rc7 {...cxb4 would now be nice for Black.} 35. Na3 cxb4 36. Nxb5 Rc5 37. Rxb4 Kg8 38. c4 Kf7 (38... Nf8 $16 39. Ra4 d5) 39. Nc3 (39. Ra4 $18) 39... Ra5 (39... Nf8 $16 {was called for.} 40. Rb6 Nd7) 40. Rb7+ $18 Ke6 41. Nb5 (41. Rh7 $18) 41... Ra1+ $2 (41... Nf8 $16) 42. Kg2 Nd4 {( -> ...Nf3)} 43. Rg7 {White threatens Nc7+ and mate.} Nxh4+ (43... Nh8 $142 44. Re7+ Kf5 45. Nxd4+ exd4) 44. gxh4 {White is clearly winning.} Nf3 {[%csl Gf3][%cal Ra1g1]} 45. Nc7+ Kf5 {[%csl Gf3][%cal Ra1g1]} 46. Rf7+ Kg6 {[%csl Gf3][%cal Ra1g1]} 47. Rf6+ Kh7 {[%csl Gf3][%cal Ra1g1] [#]} 48. Rxf3 $1 ({Not} 48. Rh6+ Kg8 $11) 48... gxf3+ 49. Kxf3 Kg6 50. Nb5 {Precision: White = 44%, Black = 31%.} 1-0

[Event "IOM Open-Masters 2017"]
[Site "Douglas"]
[Date "2017.09.25"]
[Round "3"]
[White "Adhiban, B."]
[Black "Degtiarev, Evgeny"]
[Result "1-0"]
[WhiteElo "2670"]
[BlackElo "2412"]
[Annotator "TA"]
[PlyCount "91"]
[EventDate "2017.??.??"]
[EventType "swiss"]
[EventCountry "GBR"]
[SourceTitle "playchess.com"]
[Source "ChessBase"]
[SourceQuality "1"]

{[%evp 21,91,14,4,0,39,39,39,31,27,4,0,0,0,0,64,25,14,18,22,23,71,50,77,70,78,81,70,71,78,83,93,103,102,98,105,104,97,97,92,92,92,96,102,99,99,97,97,102,366,368,368,361,368,368,368,357,344,278,275,255,481,400,525,498,1038,1004,1061,1001,5065,4644,1473,1059]} 1. d4 d5 2. c4 c6 3. Nf3 Nf6 4. Nc3 a6 5. a4 e6 6. g3 dxc4 7. Bg2 c5 8. O-O Nc6 {D15: Slav Defence: 4 Nc3 a6 and gambit lines after 4 Nc3 dxc4} 9. Ne5 Na5 10. dxc5 Qxd1 11. Rxd1 Bxc5 {LiveBook: 4 Games} 12. Bd2 $146 {Ne4 is the strong threat.} ({Predecessor:} 12. Bf4 Ke7 13. Rac1 Ra7 14. Ne4 Nxe4 15. Bxe4 b6 16. Bd2 {1-0 (31) Bacrot,E (2705)-Laznicka,V (2596) Germany 2006}) 12... Bd4 13. Ne4 Bxe5 14. Bxa5 Nd5 15. Rac1 b6 16. Be1 O-O 17. Rxc4 b5 (17... a5 $11) 18. Rc2 bxa4 19. Nc5 Rb8 20. Nxa4 Rb5 21. Rdc1 Ne7 22. f4 $36 {[%mdl 2048] White has the initiative.} Bd4+ 23. Bf2 Bxf2+ 24. Kxf2 {[#] Strongly threatening Rc7.} Rb4 25. Nc5 Rd8 26. Nd3 Rbd4 27. Rc7 R4d7 28. Ne5 Rxc7 29. Rxc7 f6 30. Nc6 Nxc6 31. Bxc6 $16 {[%mdl 4096] Endgame KRB-KRB} e5 32. fxe5 fxe5 33. Re7 Bg4 34. Rxe5 Rb8 $2 {[%mdl 8192] [#]} (34... Kf7 $16) 35. Re8+ $1 $18 Rxe8 36. Bxe8 {KB-KB} Kf8 37. Bc6 a5 38. Ke3 Ke7 39. Bf3 Bd7 40. Kd4 Kf6 $2 (40... Ba4 41. Be4 h6) 41. Kd5 Ke7 42. Kc5 {White is clearly winning.} g5 (42... Be6 $142 43. Kb5 Kd6 44. Kxa5 Bb3) 43. Kb6 Kd6 44. Kxa5 g4 45. Be4 h6 46. e3 {Precision: White = 84%, Black = 44%.} 1-0

[Event "IOM Open-Masters 2017"]
[Site "Douglas"]
[Date "2017.09.25"]
[Round "3"]
[White "Jones, Gawain C B"]
[Black "Harsha Bharathakoti"]
[Result "1/2-1/2"]
[WhiteElo "2668"]
[BlackElo "2394"]
[Annotator "TA"]
[PlyCount "136"]
[EventDate "2017.??.??"]
[EventType "swiss"]
[EventCountry "GBR"]
[SourceTitle "playchess.com"]
[Source "ChessBase"]
[SourceQuality "1"]

{[%evp 23,136,49,46,37,64,66,64,-71,-56,-125,-61,-149,-27,-36,0,-7,-7,-30,-31,-39,-39,-36,-27,-31,-31,-29,-21,-21,-20,-34,-24,-21,-20,-33,-13,-80,-87,-83,-76,-215,-218,-239,-213,-216,-127,-131,-126,-127,-127,-140,-125,-153,-47,-92,-137,-190,-167,-148,-10,-53,-63,-63,-70,-69,-58,-59,0,0,0,0,0,0,0,0,0,0,0,0,0,0,0,0,0,0,0,0,0,0,0,0,0,0,0,0,0,0,0,0,0,0,0,0,0,0,0,0,0,0,0,0,0,0,0,0,0]} 1. e4 c5 2. c3 Nf6 3. e5 Nd5 4. Nf3 e6 5. Bc4 Nc6 6. O-O d6 7. d4 cxd4 8. cxd4 Be7 9. exd6 Qxd6 10. Nc3 O-O 11. Re1 Nxc3 12. bxc3 b6 13. Ng5 {B22: Sicilian: 2 c3} (13. Bd3 Bb7 14. Qe2 g6 15. Qe3 Bf6 16. Qh6 Bg7 17. Qh4 Ne7 18. Ng5 h5 19. Be4 Nf5 20. Qh3 Bxe4 21. Nxe4 {1-0 (41) Radjabov,T (2710)-Moiseenko,A (2648) Bastia 2016}) 13... h6 14. Ne4 Qc7 {With the idea ...Nxd4!} 15. d5 $146 (15. Qg4 $14 Nxd4 16. cxd4 (16. Bxh6 Nf5 $11)) ({Predecessor:} 15. Bd3 Rd8 16. Qf3 Bb7 17. Bf4 Qd7 18. Qg3 Kf8 19. Rad1 Qd5 20. Nd2 Rac8 {1-0 (31) Kislinsky,A (2487)-Zpevak,P (2362) Stare Mesto 2014}) 15... Rd8 $1 $17 16. Qh5 (16. Bb3 $1 $15) 16... Qe5 (16... exd5 $1 $17 17. Bb3 (17. Bxd5 $2 Ne5 $19) 17... Be6) 17. Bg5 (17. Qxe5 $15 Nxe5 18. d6) 17... hxg5 ({Black should try} 17... exd5 $17 18. Nf6+ gxf6 19. Rxe5 Nxe5) 18. dxc6 $11 b5 19. Bf1 a6 20. h4 {[%cal Re4g5]} g6 21. Nxg5 {White wants to mate with Qh7+.} gxh5 22. Rxe5 f6 23. Rxe6 Ra7 24. Rae1 Kf8 25. Nf3 Bxe6 26. Rxe6 Kf7 27. Re4 Bc5 $36 {[%mdl 2048] Black has the initiative.} 28. Rf4 Ke6 29. Nd4+ (29. Be2 $11) 29... Bxd4 $1 $17 30. cxd4 {[%mdl 4096] Endgame KRR-KRB} Rc7 31. g4 (31. Be2 $17) 31... Rxc6 $19 32. g5 fxg5 33. hxg5 Rg8 (33... Ke7 $19 34. Re4+ Re6) 34. Rf6+ $17 Kd7 35. Bh3+ Kc7 36. Rf7+ Kb6 37. f4 b4 ({Better is} 37... Re8 $1 $17 {Hoping for ...Re2.} 38. Bg2 Rc2) 38. Bg2 Rc1+ 39. Kh2 Rc2 40. Kg3 {[#]} Rxa2 (40... Re8 $1 $17 {[%cal Re8e3] ...Re3+ is the strong threat.} 41. f5 {[#]} h4+ $1 {[%mdl 512]} 42. Kf3 Rxa2 43. Rf6+ Kc7) 41. Bd5 Ra3+ 42. Kh4 Rd8 43. Rf6+ $1 Kb5 44. Rf5 Kb6 (44... Ka4 $15 45. g6 b3) 45. g6 $11 {The position is equal.} b3 {And now ...Rxd5! would win.} 46. g7 $1 {aiming for Rf8.} b2 47. Rf7 {Strongly threatening Rb7+.} Ka5 48. Rb7 Rxd5 49. g8=Q Rb5 50. Qd8+ Ka4 51. Qa8 Rxb7 52. Qxb7 {KQ-KR} Rb3 53. Qxa6+ Kb4 54. Qb7+ Kc3 55. Qc6+ Kd2 56. Qg2+ Kc3 57. Qf3+ Kb4 58. Qb7+ Kc3 59. Qc6+ Kd2 60. Qg2+ Kc3 61. Qf3+ Kb4 62. Qb7+ Kc3 63. Qc7+ Kd2 64. Qa5+ Kd1 65. Qxh5+ Kd2 66. Qa5+ Kd1 67. Qh5+ Kd2 68. Qa5+ Kd1 {Precision: White = 39%, Black = 48%.} 1/2-1/2

[Event "IOM Open-Masters 2017"]
[Site "Douglas"]
[Date "2017.09.25"]
[Round "3"]
[White "Granda Zuniga, Julio E"]
[Black "Swapnil, S  Dhopade"]
[Result "1/2-1/2"]
[WhiteElo "2653"]
[BlackElo "2532"]
[Annotator "TA"]
[PlyCount "70"]
[EventDate "2017.??.??"]
[EventType "swiss"]
[EventCountry "GBR"]
[SourceTitle "playchess.com"]
[Source "ChessBase"]
[SourceQuality "1"]

{[%evp 19,70,6,11,2,2,2,2,4,3,6,6,4,4,4,7,4,4,1,3,4,2,0,6,3,8,0,0,-8,0,0,0,-1,-8,-9,0,-6,0,0,0,-22,-26,-15,-21,-26,-35,-40,-31,-45,0,-4,0,-8,0]} 1. e4 c6 2. d4 d5 3. exd5 cxd5 4. Bd3 Nc6 5. c3 Nf6 6. Bf4 Bg4 7. Qb3 Qd7 8. Nd2 e6 9. Ngf3 Bd6 10. Ne5 {B13: Caro-Kann: Exchange Variation and Panov-Botvinnik Attack} Qc7 {[%cal Rc6e5] LiveBook: 3 Games} 11. Nxg4 Bxf4 12. Nxf6+ gxf6 13. Qc2 $146 ({Predecessor:} 13. Nf3 h5 14. g3 Bh6 15. Kf1 O-O-O 16. a4 e5 17. Bf5+ Kb8 {0-1 (32) Kosov,I (2354)-Danin,A (2451) Tula 2007}) 13... h5 14. O-O-O h4 15. Kb1 Bxh2 16. Nf3 Bd6 17. Nxh4 O-O-O {[%cal Be8c8,Bc8b8,Bb8a7][%mdl 32]} 18. Nf3 Kb8 19. g3 f5 20. Qc1 Rdg8 21. Rdg1 a6 22. Rg2 Ka7 23. a3 Na5 24. Rxh8 Rxh8 25. Rh2 Rxh2 26. Nxh2 Qb6 27. b4 Nc4 28. Nf3 Qc7 29. Nd2 Nb6 30. Qc2 Qc6 31. Ka2 Na4 32. c4 dxc4 33. Nxc4 Bc7 34. Ne3 Qd7 35. Bc4 Nb6 {Precision: White = 54%, Black = 66%.} 1/2-1/2

[Event "IOM Open-Masters 2017"]
[Site "Douglas"]
[Date "2017.09.25"]
[Round "3"]
[White "Sargissian, Gabriel"]
[Black "Krishna C R G"]
[Result "1/2-1/2"]
[WhiteElo "2652"]
[BlackElo "2367"]
[Annotator "TA"]
[PlyCount "105"]
[EventDate "2017.??.??"]
[EventType "swiss"]
[EventCountry "GBR"]
[SourceTitle "playchess.com"]
[Source "ChessBase"]
[SourceQuality "1"]

{[%evp 14,105,31,23,58,41,46,45,40,13,43,29,54,47,59,59,49,51,42,52,57,87,66,56,140,119,169,166,141,111,196,172,211,93,88,81,86,39,66,0,0,0,0,0,0,0,0,0,0,0,0,0,0,0,0,-1,-1,-48,-43,-43,-43,-49,0,-4,0,0,0,0,0,0,0,0,0,0,0,0,0,0,0,0,0,0,0,0,8,0,0,0,0,0,0,0,0,0]} 1. d4 f5 2. c4 Nf6 3. Nc3 d6 4. Nf3 g6 5. e3 Bg7 6. Be2 O-O 7. O-O c6 8. b4 {LiveBook: 16 Games} Qc7 {A85: Dutch Defence: 2 c4 Nf6 3 Nc3} (8... Na6 9. Qb3 Kh8 10. Bb2 Nc7 11. a4 a6 12. d5 Bd7 13. b5 axb5 14. axb5 Rxa1 15. Rxa1 cxb5 16. cxb5 {1-0 (41) Sjugirov,S (2653)-Bajarani,U (2509) Baku 2016}) 9. Bb2 e5 10. dxe5 $146 ({Predecessor:} 10. c5 e4 11. cxd6 Qxd6 12. Ne5 Be6 13. b5 Nd5 14. bxc6 bxc6 15. Qc1 Rc8 16. Ba3 {½-½ (43) Bigalke,A (2026)-Fehmer,C (2175) Hamburg 2005}) 10... dxe5 {White is slightly better.} 11. e4 fxe4 12. Ng5 Bf5 13. g4 $1 $36 {[%cal Rg4f5][%mdl 2048] White fights for an advantage.} Qc8 14. gxf5 Qxf5 15. Bc1 {[#] Black must now prevent c5.} h6 16. Ncxe4 hxg5 ({But not} 16... Nxe4 $2 17. Bg4 $18) 17. Nd6 Qe6 18. Bxg5 Na6 (18... Nbd7 $14) 19. Rb1 $16 ({Resist} 19. Nxb7 $6 Rab8 $14) 19... Rad8 20. c5 Nc7 21. Rb3 Ncd5 (21... b5 $16) 22. Nxb7 Rb8 {[#]} 23. Nd6 (23. Na5 $1 $18) 23... Rxb4 24. Rxb4 Nxb4 25. Bxf6 Rxf6 26. Bc4 ({White should play} 26. Bg4 $14 Qe7 27. Qb3+ Nd5 28. Qh3) 26... Nd5 $11 27. Re1 Rf4 28. Re4 Bf8 29. Qe2 {Threatens to win with Rxf4.} Rxe4 30. Nxe4 Kg7 31. Qf3 Be7 32. Nc3 {[%cal Rc3d5]} Bxc5 33. Bxd5 cxd5 34. Nxd5 Bd4 35. Kf1 e4 36. Qb3 Qf7 {[%csl Gd4][%cal Rf7f2]} 37. Ne3 Qf3 38. Ke1 {The position is equal.} Qh1+ (38... Kh6 {feels hotter.} 39. Kf1 Qh3+ 40. Ke2 a6 41. Qa3 a5) 39. Nf1 Qg2 (39... e3 {seems wilder.} 40. fxe3 Bb6 41. Qc3+ Kh7 42. Qe5 Qf3) 40. Qg3 Qxg3 41. Nxg3 {[%mdl 4096] Endgame KB-KN} Be5 42. Ke2 Bf4 43. h3 (43. h4 {feels hotter.} Kh6 44. Nxe4 Kh5 45. Kf3 Bc7 46. Nf6+) 43... Bxg3 44. fxg3 {K3P-K3P} Kf6 45. a4 a5 46. Kd2 Ke6 47. Kd1 Kd6 48. Ke2 Kd5 49. Ke1 Ke5 50. Kd2 Ke6 51. Kc1 Kd5 52. Kc2 Ke5 53. Kd2 {Precision: White = 63%, Black = 68%.} 1/2-1/2

[Event "IOM Open-Masters 2017"]
[Site "Douglas"]
[Date "2017.09.25"]
[Round "3"]
[White "Shirov, Alexei"]
[Black "Nakamura, Hikaru"]
[Result "1/2-1/2"]
[WhiteElo "2630"]
[BlackElo "2781"]
[Annotator "TA"]
[PlyCount "60"]
[EventDate "2017.??.??"]
[EventType "swiss"]
[EventCountry "GBR"]
[SourceTitle "playchess.com"]
[Source "ChessBase"]
[SourceQuality "1"]

{[%evp 11,60,24,36,0,0,4,36,36,35,33,31,34,43,39,39,40,35,38,34,7,52,0,0,-26,-19,-33,-23,-29,23,0,0,0,12,0,0,0,22,0,0,0,15,0,0,0,0,0,0,0,0,0,0]} 1. e4 c6 2. d4 d5 3. e5 Bf5 4. Nf3 e6 5. Be2 Ne7 6. O-O h6 {LiveBook: 338 Games} 7. b4 {B12: Caro-Kann: Advance Variation} (7. Nbd2 Nd7 8. Nb3 Qc7 9. Bd2 g5 10. c4 a5 11. Rc1 dxc4 12. Bxc4 Bg7 13. Re1 O-O 14. h4 g4 {1-0 (39) Vachier Lagrave,M (2804)-Tomashevsky,E (2716) Doha 2016}) 7... Nd7 8. a4 {[%cal Ba2a4,Ba4a5][%mdl 32]} g5 9. a5 {White is slightly better.} Bg7 10. Nbd2 $146 {[%cal Bb1d2,Bd2b3,Bb3c5][%mdl 32]} ({Predecessor:} 10. Ne1 O-O 11. f4 gxf4 12. Bxf4 Ng6 13. Be3 Be4 14. Nd2 f5 {1-0 (65) Tomczak,J (2599)-Tomaszewski,K (2187) Poznan 2016}) 10... O-O 11. Nb3 f6 12. exf6 Bxf6 13. Nc5 Nxc5 14. bxc5 Ng6 15. Be3 Qc7 16. c4 (16. a6 $14) 16... a6 17. cxd5 exd5 18. Bd3 Bxd3 19. Qxd3 Kg7 (19... Qg7 $142) 20. Rfe1 Rae8 {The position is equal.} 21. h3 Qd7 22. Bd2 Rxe1+ 23. Rxe1 Re8 24. Rxe8 Qxe8 25. Qf5 Ne7 26. Qg4 Qc8 $1 27. Qh5 Qf5 28. Qe8 Qc8 29. Qh5 Qf5 30. Qe8 Qc8 {Precision: White = 53%, Black = 50%.} 1/2-1/2

[Event "IOM Open-Masters 2017"]
[Site "Douglas"]
[Date "2017.09.25"]
[Round "3"]
[White "Sethuraman, S P"]
[Black "Ledger, Andrew J"]
[Result "1-0"]
[WhiteElo "2617"]
[BlackElo "2361"]
[Annotator "TA"]
[PlyCount "79"]
[EventDate "2017.??.??"]
[EventType "swiss"]
[EventCountry "GBR"]
[SourceTitle "playchess.com"]
[Source "ChessBase"]
[SourceQuality "1"]

{[%evp 22,79,19,17,29,12,11,19,29,31,31,22,41,33,45,42,58,50,120,105,110,70,92,39,44,13,12,0,0,0,0,0,0,0,2,0,39,41,67,18,11,5,43,37,34,17,61,18,49,16,102,100,102,101,122,120,102,100,718,714]} 1. e4 e6 2. d4 d5 3. Nc3 dxe4 4. Nxe4 Nd7 5. Nf3 Ngf6 6. Bd3 c5 7. O-O cxd4 {C10: French with 3 Nc3: Unusual Black 3rd moves and 3...dxe4} (7... Nxe4 8. Bxe4 Nf6 9. Bg5 cxd4 10. Qe2 Qb6 11. Bxf6 gxf6 12. Rad1 Bg7 13. Nxd4 O-O 14. c3 Bd7 15. Bb1 Rad8 16. g4 Rfe8 17. Rd3 {1-0 (44) Karjakin,S (2783)-Meier,G (2630) chess.com INT 2017}) 8. Qe2 Nxe4 9. Bxe4 Nf6 10. Rd1 Be7 11. Nxd4 Nxe4 12. Qxe4 {LiveBook: 8 Games} O-O 13. Be3 {Nxe6 is the strong threat.} Qa5 14. Nb3 {[#]} Qc7 $146 ({Predecessor:} 14... Qh5 15. f3 {½-½ (37) Esen,B (2459)-Jeremic,V (2527) Kavala 2006}) 15. Bf4 Qb6 16. a4 {[%cal Ba2a4,Ba4a5][%mdl 32]} f6 17. a5 Qa6 18. Be3 f5 19. Qf4 e5 ({Better is} 19... Qc6 $14) 20. Qxe5 $16 Bf6 21. Qc7 Bxb2 {[#]} 22. Rab1 (22. Bd4 $1 $16 {[%csl Gd4][%cal Rc7g7][%mdl 512]} Rf7 23. Qd8+ Rf8 24. Qe7 (24. Bxb2 Rxd8 25. Rxd8+ Kf7 $16) 24... Bxd4 25. Nxd4) 22... Bf6 $14 23. Bc5 Qc4 $1 24. Re1 Rd8 25. h3 h6 26. Bd6 Qxc7 27. Bxc7 Rd7 28. Be5 $36 {[%mdl 2048] White fights for an advantage.} Bxe5 29. Rxe5 b6 30. f3 Rc7 31. Rb2 Rb8 32. Nd4 Kf7 33. Kf2 ({Reject} 33. Nxf5 Kf6 $17) 33... Kf6 34. Reb5 Rc4 35. Ke3 {[%cal Ra5b6]} Rc3+ (35... f4+ $11 {keeps the balance.} 36. Kd3 Ra4) 36. Kd2 $16 Rc4 37. c3 ({But not} 37. axb6 $2 Rxd4+ 38. Ke3 Rd7 $19) 37... Bd7 38. Rd5 Ke7 39. Kd3 Ra4 $2 {[%mdl 8192] [#]} (39... Rc7 $16) 40. Re2+ {Precision: White = 45%, Black = 43%.} 1-0